[Event "4th G. Agzamov Mem"]
[Site "Tashkent UZB"]
[Date "2010.03.27"]
[Round "5"]
[White "Filippov, An UZB"]
[Black "Li, Geo"]
[Result "1/2-1/2"]
[WhiteElo "2598"]
[BlackElo "2110"]
[PlyCount "151"]
[EventDate "2010.03.23"]
[EventType "swiss"]
[EventRounds "9"]
[EventCountry "UZB"]
[Source "Mark Crowther"]
[SourceDate "2010.03.29"]

1. e4 e5 2. Nf3 Nc6 3. Bb5 a6 4. Ba4 Nf6 5. O-O b5 6. Bb3 Be7 7. Re1 d6 8. c3
O-O 9. h3 Na5 10. Bc2 c5 11. d4 Qc7 12. d5 Nc4 13. b3 Nb6 14. a4 Bd7 15. a5 Nc8
16. Nbd2 Bd8 17. Nf1 Kh8 18. b4 c4 19. Ng3 Ng8 20. Nh2 Nce7 21. f4 exf4 22.
Bxf4 Ng6 23. Be3 Bh4 24. Bf2 Rae8 25. Nf3 Bf6 26. Qd2 Ne5 27. Nd4 g6 28. Rf1
Qc8 29. Kh2 Bg7 30. Be3 h6 31. Rf2 Qd8 32. Raf1 Qh4 33. Rf4 Qe7 34. Kh1 h5 35.
R4f2 Kh7 36. Bg5 f6 37. Bf4 Nh6 38. Nge2 Nhf7 39. Be3 Nd3 40. Nf4 Nxf2+ 41.
Qxf2 Ne5 42. Nfe6 Rf7 43. Bd1 Bxe6 44. Nxe6 Qd7 45. Bc2 Rxe6 46. dxe6 Qxe6 47.
Qd2 Re7 48. Bg1 Nd3 49. Bxd3 cxd3 50. Qxd3 Qxe4 51. Qxd6 Re6 52. Qd7 Qc6 53.
Rd1 Kh6 54. Qd2+ g5 55. Qd3 Re4 56. Bf2 f5 57. Qd8 Re6 58. Bd4 Bxd4 59. cxd4
Re8 60. Qb6 Qxb6 61. axb6 Rb8 62. d5 Rxb6 63. Rc1 Kg7 64. Rc6 Rb8 65. Rxa6 Rd8
66. d6 Kf6 67. Rb6 Ke6 68. d7+ Kxd7 69. Kg1 Rc8 70. Kh2 h4 71. Rxb5 Ke6 72. Ra5
Rc4 73. Rb5 Rd4 74. Kg1 Rd5 75. Rxd5 Kxd5 76. Kf2 1/2-1/2

[Event "4th G. Agzamov Mem"]
[Site "Tashkent UZB"]
[Date "2010.03.28"]
[Round "6"]
[White "Ismagambetov, An"]
[Black "Jumabayev, R."]
[Result "1/2-1/2"]
[WhiteElo "2508"]
[BlackElo "2542"]
[PlyCount "60"]
[EventDate "2010.03.23"]
[EventType "swiss"]
[EventRounds "9"]
[EventCountry "UZB"]
[Source "Mark Crowther"]
[SourceDate "2010.03.29"]

1. e4 e6 2. d4 d5 3. Nd2 c5 4. exd5 Qxd5 5. Ngf3 cxd4 6. Bc4 Qd6 7. O-O Nf6 8.
Re1 Nc6 9. Ne4 Qd8 10. Qe2 Be7 11. Bf4 O-O 12. Rad1 Qb6 13. Bg5 Rd8 14. Nxf6+
gxf6 15. Bh4 Bd7 16. Nxd4 Nxd4 17. Qg4+ Kh8 18. Qxd4 Qxd4 19. Rxd4 Bc6 20. Rdd1
Kg7 21. f3 b6 22. Bf2 f5 23. c3 Bf6 24. Bb3 Kf8 25. Be3 Ke7 26. Kf2 Rxd1 27.
Rxd1 Be5 28. g3 Rg8 29. a4 h5 30. f4 Bc7 1/2-1/2

[Event "4th G. Agzamov Mem"]
[Site "Tashkent UZB"]
[Date "2010.03.28"]
[Round "6"]
[White "Turov, M."]
[Black "Guseinov, G."]
[Result "1/2-1/2"]
[WhiteElo "2609"]
[BlackElo "2609"]
[PlyCount "69"]
[EventDate "2010.03.23"]
[EventType "swiss"]
[EventRounds "9"]
[EventCountry "UZB"]
[Source "Mark Crowther"]
[SourceDate "2010.03.29"]

1. d4 Nf6 2. c4 g6 3. Nc3 Bg7 4. e4 d6 5. Nf3 O-O 6. Be2 c5 7. O-O cxd4 8. Nxd4
Nc6 9. Be3 Bd7 10. f3 Nxd4 11. Bxd4 a5 12. Qd2 Bc6 13. b3 Nd7 14. Be3 Nc5 15.
Rab1 Qb6 16. Rfc1 Rfc8 17. Nd5 Bxd5 18. cxd5 Qb4 19. Rc2 Qxd2 20. Bxd2 a4 21.
bxa4 Rxa4 22. Bb5 Ra3 23. Kf1 Rca8 24. Bc4 Rc8 25. Ke2 Raa8 26. Be3 Nd7 27.
Rbc1 Ra5 28. Bd2 Rac5 29. Bb4 R5c7 30. Bd3 Rxc2+ 31. Rxc2 Rxc2+ 32. Bxc2 Nc5
33. Kd2 Kf8 34. Bd3 Be5 35. h3 1/2-1/2

[Event "4th G. Agzamov Mem"]
[Site "Tashkent UZB"]
[Date "2010.03.28"]
[Round "6"]
[White "Galyamov, V."]
[Black "Holmirzaev, B."]
[Result "0-1"]
[WhiteElo "2183"]
[BlackElo "2344"]
[PlyCount "74"]
[EventDate "2010.03.23"]
[EventType "swiss"]
[EventRounds "9"]
[EventCountry "UZB"]
[Source "Mark Crowther"]
[SourceDate "2010.03.29"]

1. e4 c5 2. Nf3 a6 3. d4 cxd4 4. Nxd4 Nf6 5. Nc3 e5 6. Nf3 Nc6 7. Bc4 Bb4 8.
O-O O-O 9. Nd5 Be7 10. Nxe7+ Qxe7 11. Bg5 h6 12. Bh4 d6 13. Bd5 Bg4 14. h3 Bxf3
15. Qxf3 Nd4 16. Qg4 g5 17. Bxg5 hxg5 18. Qxg5+ Kh7 19. Qh4+ Kg6 20. Bc4 Ng8
21. Qg3+ Qg5 22. Qd3 Rad8 23. f4 Qh4 24. c3 Nc6 25. f5+ Kg7 26. Rf3 Nf6 27. g4
Rg8 28. g5 Qxg5+ 29. Rg3 Qxg3+ 30. Qxg3+ Kh6 31. Qxg8 Rxg8+ 32. Kh2 Nxe4 33.
Bxf7 Rg5 34. Be6 Ne7 35. Re1 Nf6 36. c4 Nxf5 37. Rf1 Kg6 0-1

[Event "4th G. Agzamov Mem"]
[Site "Tashkent UZB"]
[Date "2010.03.28"]
[Round "6"]
[White "Iuldachev, S."]
[Black "Mchedlishvili, M."]
[Result "1/2-1/2"]
[WhiteElo "2511"]
[BlackElo "2634"]
[PlyCount "59"]
[EventDate "2010.03.23"]
[EventType "swiss"]
[EventRounds "9"]
[EventCountry "UZB"]
[Source "Mark Crowther"]
[SourceDate "2010.03.29"]

1. e4 c5 2. Nc3 Nc6 3. f4 g6 4. Nf3 Bg7 5. Bb5 Nd4 6. a4 Nf6 7. d3 O-O 8. O-O
d6 9. h3 e6 10. Bc4 b6 11. Ba2 Nc6 12. Ne2 Ba6 13. g4 Nb4 14. Bb1 c4 15. dxc4
Bxc4 16. c3 Nc6 17. Bd3 Bxd3 18. Qxd3 d5 19. e5 Ne4 20. Be3 Rc8 21. Ned4 Qd7
22. Qb5 Rfd8 23. Nxc6 Rxc6 24. a5 a6 25. Qxa6 bxa5 26. Qb5 Qe8 27. Nd4 Rc5 28.
Qxe8+ Rxe8 29. Ra2 Rb8 30. Rfa1 1/2-1/2

[Event "4th G. Agzamov Mem"]
[Site "Tashkent UZB"]
[Date "2010.03.28"]
[Round "6"]
[White "Temirov, B."]
[Black "Kotsur, P."]
[Result "0-1"]
[WhiteElo "2258"]
[BlackElo "2565"]
[PlyCount "68"]
[EventDate "2010.03.23"]
[EventType "swiss"]
[EventRounds "9"]
[EventCountry "UZB"]
[Source "Mark Crowther"]
[SourceDate "2010.03.29"]

1. d4 Nf6 2. Nf3 e6 3. g3 c5 4. Bg2 cxd4 5. Nxd4 a6 6. c4 Qc7 7. b3 Bb4+ 8. Bd2
Bc5 9. e3 Nc6 10. Bc3 Rb8 11. O-O Be7 12. Nd2 O-O 13. Ne4 Ne8 14. Qh5 f5 15.
Nxc6 bxc6 16. Ng5 h6 17. Nf3 Bf6 18. Bxf6 Nxf6 19. Qh4 c5 20. h3 Bb7 21. g4 Nh7
22. Rad1 d6 23. Rd2 fxg4 24. Qxg4 Rf5 25. Nh4 Nf6 26. Qd1 Rh5 27. Bxb7 Qxb7 28.
Ng2 d5 29. cxd5 exd5 30. Rc2 Rxh3 31. Rxc5 Qd7 32. Nf4 Rh4 33. Ng2 Rh5 34. f4
Qh3 0-1

[Event "4th G. Agzamov Mem"]
[Site "Tashkent UZB"]
[Date "2010.03.28"]
[Round "6"]
[White "Kvon, A."]
[Black "Golcman, E."]
[Result "1-0"]
[WhiteElo "2455"]
[BlackElo "2292"]
[PlyCount "71"]
[EventDate "2010.03.23"]
[EventType "swiss"]
[EventRounds "9"]
[EventCountry "UZB"]
[Source "Mark Crowther"]
[SourceDate "2010.03.29"]

1. e4 e5 2. Nf3 Nc6 3. Bb5 g6 4. d4 exd4 5. Bg5 Be7 6. Bxe7 Qxe7 7. Bxc6 Qb4+
8. c3 Qxb2 9. Qxd4 bxc6 10. O-O f6 11. e5 Nh6 12. exf6 O-O 13. Nbd2 d5 14. Ng5
Nf5 15. Qe5 Qxd2 16. f7+ Rxf7 17. Nxf7 Kxf7 18. Qxc7+ Ne7 19. Rfe1 Qg5 20. Re3
Bf5 21. Rae1 Re8 22. Qxa7 h5 23. Qc7 Be4 24. f3 Bf5 25. Kh1 Bc2 26. R3e2 Bd3
27. Re5 Qf6 28. a4 g5 29. R5e3 Bg6 30. a5 Kf8 31. Rxe7 Rxe7 32. Qxe7+ Qxe7 33.
Rxe7 Kxe7 34. a6 d4 35. cxd4 c5 36. a7 1-0

[Event "4th G. Agzamov Mem"]
[Site "Tashkent UZB"]
[Date "2010.03.28"]
[Round "6"]
[White "Li, Geo"]
[Black "Egin, V."]
[Result "0-1"]
[WhiteElo "2110"]
[BlackElo "2410"]
[PlyCount "106"]
[EventDate "2010.03.23"]
[EventType "swiss"]
[EventRounds "9"]
[EventCountry "UZB"]
[Source "Mark Crowther"]
[SourceDate "2010.03.29"]

1. c4 e5 2. Nc3 Nf6 3. Nf3 Nc6 4. d4 exd4 5. Nxd4 Bb4 6. Nxc6 bxc6 7. Bg5 Qe7
8. Bxf6 Qxf6 9. Rc1 Rb8 10. Qd2 O-O 11. e3 d5 12. cxd5 cxd5 13. Be2 c6 14. O-O
Bf5 15. Rfd1 Rfd8 16. a3 Bd6 17. b4 a5 18. Na2 Be4 19. Bd3 axb4 20. axb4 Bxd3
21. Qxd3 Bxb4 22. Nxb4 Rxb4 23. Qc3 Qxc3 24. Rxc3 Rd6 25. g3 Kf8 26. Rdc1 Rb6
27. h4 h5 28. Kg2 Ke7 29. R1c2 Kd8 30. Kf3 Rf6+ 31. Ke2 Kc7 32. Rc5 Kb7 33.
R5c3 Rd6 34. Ra3 Rd7 35. Kf3 Kc7 36. Kf4 Kd6 37. Rac3 Rb4+ 38. Kf3 Rb6 39. Rc5
Rc7 40. Kf4 Rb5 41. R5c3 c5 42. f3 c4 43. g4 Rb3 44. gxh5 Rxc3 45. Rxc3 Kc5 46.
Rc1 Kb4 47. Rb1+ Ka3 48. Rg1 f6 49. Kf5 c3 50. h6 gxh6 51. Kxf6 c2 52. Ke6 Rc3
53. Re1 Rd3 0-1

[Event "4th G. Agzamov Mem"]
[Site "Tashkent UZB"]
[Date "2010.03.28"]
[Round "6"]
[White "Ziatdinov, R."]
[Black "Nazhmeddinov, S."]
[Result "0-1"]
[WhiteElo "2410"]
[BlackElo "2190"]
[PlyCount "76"]
[EventDate "2010.03.23"]
[EventType "swiss"]
[EventRounds "9"]
[EventCountry "UZB"]
[Source "Mark Crowther"]
[SourceDate "2010.03.29"]

1. e4 c5 2. Nf3 e6 3. d4 cxd4 4. Nxd4 a6 5. Bd3 Qc7 6. O-O Nc6 7. Nxc6 bxc6 8.
c4 Nf6 9. Nc3 Be7 10. f4 d6 11. b3 O-O 12. Bb2 e5 13. f5 Qa7+ 14. Kh1 Bb7 15.
Qf3 Rad8 16. g4 h6 17. h4 Nh7 18. Qg3 Rd7 19. Ne2 Qa8 20. Ng1 d5 21. Nf3 f6 22.
g5 hxg5 23. hxg5 Nxg5 24. Nxg5 fxg5 25. Be2 Rf6 26. Kg2 dxe4 27. Rad1 Rxd1 28.
Rxd1 c5 29. Qxe5 e3+ 30. Kf1 Qf8 31. Bg4 Bd6 32. Qxe3 Bf4 33. Qc3 Bc6 34. Bh3
Bc7 35. Kg1 Rh6 36. Re1 Ba5 37. Qxa5 Rxh3 38. Re5 Qd6 0-1

[Event "4th G. Agzamov Mem"]
[Site "Tashkent UZB"]
[Date "2010.03.28"]
[Round "6"]
[White "Alikulov, Elbek"]
[Black "Vakhidov, T."]
[Result "0-1"]
[WhiteElo "2208"]
[BlackElo "2516"]
[PlyCount "110"]
[EventDate "2010.03.23"]
[EventType "swiss"]
[EventRounds "9"]
[EventCountry "UZB"]
[Source "Mark Crowther"]
[SourceDate "2010.03.29"]

1. e4 e5 2. Nf3 Nc6 3. Bb5 Bc5 4. O-O Nd4 5. Nxd4 Bxd4 6. c3 Bb6 7. d3 Nf6 8.
Nd2 c6 9. Ba4 O-O 10. Bb3 d5 11. h3 Re8 12. Qf3 a5 13. a4 Be6 14. Re1 h6 15.
Bc2 dxe4 16. dxe4 Nd7 17. Nf1 Qf6 18. Qg3 Rad8 19. Nh2 Nf8 20. Ng4 Bxg4 21.
hxg4 Ne6 22. Be3 Bxe3 23. Qxe3 Qh4 24. Qf3 Rd2 25. Re2 Red8 26. Rae1 Nf4 27.
Rxd2 Rxd2 28. Bb3 Rxb2 29. Bc4 Qf6 30. Kf1 b5 31. axb5 cxb5 32. g3 bxc4 33.
gxf4 Qxf4 34. Qxf4 exf4 35. Ra1 f3 36. Kg1 Re2 37. Rxa5 Rxe4 38. Rf5 Rxg4+ 39.
Kf1 g5 40. Rxf3 Kg7 41. Re3 Rf4 42. Kg2 h5 43. Re5 Kg6 44. Re8 g4 45. Rg8+ Kh7
46. Rg5 Kh6 47. Rc5 h4 48. Rd5 f5 49. Rc5 Kg5 50. Rc8 h3+ 51. Kg1 Re4 52. Kf1
Kf4 53. Rc5 g3 54. f3 Kxf3 55. Rxf5+ Rf4 0-1

[Event "4th G. Agzamov Mem"]
[Site "Tashkent UZB"]
[Date "2010.03.28"]
[Round "6"]
[White "Eminov, A."]
[Black "Megaranto, S."]
[Result "1-0"]
[WhiteElo "2218"]
[BlackElo "2534"]
[PlyCount "137"]
[EventDate "2010.03.23"]
[EventType "swiss"]
[EventRounds "9"]
[EventCountry "UZB"]
[Source "Mark Crowther"]
[SourceDate "2010.03.29"]

1. e4 c6 2. Nc3 d5 3. Nf3 Bg4 4. h3 Bxf3 5. Qxf3 e6 6. a3 Nf6 7. g3 Be7 8. Bg2
O-O 9. O-O Nbd7 10. d4 a5 11. Qe2 b5 12. e5 Ne8 13. f4 Nc7 14. Nd1 c5 15. c3 f5
16. exf6 Bxf6 17. Be3 cxd4 18. Bxd4 Bxd4+ 19. cxd4 Nb6 20. Ne3 a4 21. Rad1 Nc4
22. h4 Qd6 23. Kh2 Rae8 24. Rfe1 Re7 25. Bh3 Rfe8 26. Qc2 Na8 27. Re2 Nab6 28.
Ng4 b4 29. axb4 Qxb4 30. Rde1 Nd7 31. Nf2 Qb6 32. Qxa4 Qxd4 33. b3 Nc5 34. Qb5
Nd2 35. Bg2 Ndxb3 36. Ng4 Rc8 37. Re3 Nd2 38. Ne5 Rb7 39. Qe2 Nde4 40. Nf3 Qb2
41. Ng5 Qxe2 42. R3xe2 Nf6 43. Nxe6 Nxe6 44. Rxe6 Rb2 45. R6e2 Rcc2 46. Bf3 Kf7
47. Kg1 Rxe2 48. Rxe2 Rxe2 49. Bxe2 h5 50. Kf2 Ke6 51. Bd3 Kd6 52. Ke3 Kc5 53.
f5 d4+ 54. Kf4 Kb4 55. Kg5 Kc3 56. Bb5 Ne4+ 57. Kxh5 Nxg3+ 58. Kg6 Kb4 59. Ba6
Kc5 60. h5 Kd6 61. Bd3 Ke5 62. Bc2 Kd6 63. Bd3 Ke5 64. Bb1 Kd6 65. Bc2 Ke5 66.
f6 Nxh5 67. f7 Nf4+ 68. Kxg7 Ne6+ 69. Kg8 1-0

[Event "4th G. Agzamov Mem"]
[Site "Tashkent UZB"]
[Date "2010.03.28"]
[Round "6"]
[White "Saduakassova, D."]
[Black "Sukandar, I."]
[Result "1/2-1/2"]
[WhiteElo "2094"]
[BlackElo "2311"]
[PlyCount "167"]
[EventDate "2010.03.23"]
[EventType "swiss"]
[EventRounds "9"]
[EventCountry "UZB"]
[Source "Mark Crowther"]
[SourceDate "2010.03.29"]

1. e4 e5 2. Nf3 Nc6 3. Nc3 Nf6 4. Bb5 Bb4 5. O-O O-O 6. d3 Bxc3 7. bxc3 d6 8.
Re1 Ne7 9. d4 c6 10. Bf1 Ng6 11. h3 h6 12. Ba3 Re8 13. c4 b6 14. dxe5 dxe5 15.
c5 Be6 16. Qc1 Nd7 17. Qe3 Qf6 18. cxb6 axb6 19. c4 Ra4 20. Red1 Rea8 21. Bb2
Nc5 22. Nd2 Nf4 23. a3 Qg5 24. h4 Qxh4 25. Bxe5 Ng6 26. Bd6 Nd7 27. Nf3 Qh5 28.
Rdc1 c5 29. Be2 Bg4 30. Bd1 R4a7 31. Bg3 Ngf8 32. Be2 Ne6 33. Rd1 Nf6 34. e5
Ne8 35. Rd2 Ra4 36. Qb3 Ng5 37. Rd3 Rb4 38. axb4 Rxa1+ 39. Rd1 Rxd1+ 40. Qxd1
Bxf3 41. gxf3 Ne6 42. bxc5 bxc5 43. f4 Qg6 44. Qd7 Qb1+ 45. Kg2 Kf8 46. Bf3 g6
47. Qc6 Qd3 48. Bd5 N8c7 49. Qd7 Qf5 50. Kh2 Kg7 51. Bg2 Qc2 52. Bh4 g5 53.
fxg5 hxg5 54. Bg3 Qxc4 55. Qe7 Nd5 56. Qd6 Ndf4 57. Bxf4 Qxf4+ 58. Kg1 c4 59.
Bd5 Qg4+ 60. Kh2 Qh5+ 61. Kg1 Qg4+ 62. Kh2 c3 63. Bxe6 Qxe6 64. Qd4 Qh6+ 65.
Kg1 Qc6 66. e6+ f6 67. Qd7+ Qxd7 68. exd7 c2 69. d8=Q c1=Q+ 70. Kg2 Qc6+ 71.
Kg3 Qc3+ 72. Kg2 Qe5 73. Qd3 f5 74. Qd7+ Kg6 75. Qd8 Qe4+ 76. Kg1 Kh5 77. Qd6
f4 78. Qd7 f3 79. Qh3+ Kg6 80. Kh2 Qe2 81. Kg3 Qe4 82. Qg4 Qe5+ 83. Kxf3 Qc3+
84. Kg2 1/2-1/2

[Event "4th G. Agzamov Mem"]
[Site "Tashkent UZB"]
[Date "2010.03.29"]
[Round "7"]
[White "Kotsur, P."]
[Black "Ismagambetov, An"]
[Result "1/2-1/2"]
[WhiteElo "2565"]
[BlackElo "2508"]
[PlyCount "60"]
[EventDate "2010.03.23"]
[EventType "swiss"]
[EventRounds "9"]
[EventCountry "UZB"]
[Source "Mark Crowther"]
[SourceDate "2010.04.05"]

1. e4 e5 2. Nf3 Nc6 3. Nc3 Nf6 4. Bb5 Bd6 5. d3 O-O 6. h3 a6 7. Ba4 b5 8. Bb3
Na5 9. Bg5 Nxb3 10. axb3 Bb7 11. Nd5 Bxd5 12. exd5 h6 13. Bxf6 Qxf6 14. O-O Qg6
15. Re1 Rfe8 16. c4 bxc4 17. bxc4 e4 18. dxe4 Rxe4 19. Rxe4 Qxe4 20. Qa4 Rb8
21. Re1 Qf5 22. b3 Qf6 23. Rd1 Qc3 24. Qxd7 Qxb3 25. Rc1 Qb2 26. Re1 Qc3 27.
Re8+ Rxe8 28. Qxe8+ Kh7 29. Qe4+ Kg8 30. Qe8+ Kh7 1/2-1/2

[Event "4th G. Agzamov Mem"]
[Site "Tashkent UZB"]
[Date "2010.03.29"]
[Round "7"]
[White "Zhigalko, S."]
[Black "Tseshkovsky, V."]
[Result "1-0"]
[WhiteElo "2648"]
[BlackElo "2549"]
[PlyCount "76"]
[EventDate "2010.03.23"]
[EventType "swiss"]
[EventRounds "9"]
[EventCountry "UZB"]
[Source "Mark Crowther"]
[SourceDate "2010.04.05"]

1. e4 g6 2. d4 Bg7 3. Nc3 d6 4. Be3 a6 5. Qd2 b5 6. a4 b4 7. Nce2 a5 8. Ng3 c6
9. Nf3 h5 10. Bd3 Bg4 11. Ng5 Nh6 12. h3 Bc8 13. c3 bxc3 14. bxc3 d5 15. e5 h4
16. Ne2 Nf5 17. Bf4 Na6 18. O-O Nc7 19. Rab1 f6 20. Nf3 Ne6 21. Qc2 O-O 22.
Bxf5 gxf5 23. Nxh4 Ba6 24. Ng6 Rf7 25. Rfe1 c5 26. dxc5 Nxc5 27. Rbd1 e6 28.
Ng3 Rc8 29. Nxf5 fxe5 30. Nxg7 exf4 31. Nxe6 Qf6 32. Nxc5 Rxc5 33. Re8+ Kg7 34.
Ne5 Rfc7 35. Re1 d4 36. Qb3 Bc4 37. Nxc4 Rxc4 38. cxd4 Qxd4 1-0

[Event "4th G. Agzamov Mem"]
[Site "Tashkent UZB"]
[Date "2010.03.29"]
[Round "7"]
[White "Nazhmeddinov, S."]
[Black "Dzhumaev, M."]
[Result "1/2-1/2"]
[WhiteElo "2190"]
[BlackElo "2525"]
[PlyCount "84"]
[EventDate "2010.03.23"]
[EventType "swiss"]
[EventRounds "9"]
[EventCountry "UZB"]
[Source "Mark Crowther"]
[SourceDate "2010.04.05"]

1. e4 Nf6 2. e5 Nd5 3. d4 d6 4. c4 Nb6 5. exd6 cxd6 6. Nc3 g6 7. Nf3 Bg7 8. Be2
O-O 9. O-O Nc6 10. Be3 Bg4 11. b3 e6 12. Rc1 d5 13. c5 Nc8 14. a3 N8e7 15. Nh4
Bxe2 16. Nxe2 f6 17. f4 e5 18. Qd2 Qd7 19. fxe5 fxe5 20. dxe5 Nxe5 21. h3 N7c6
22. Nd4 Qe7 23. Nhf3 Nxf3+ 24. Nxf3 d4 25. Bh6 Bxh6 26. Qxh6 d3 27. b4 Qd7 28.
Qd2 Qd5 29. b5 Ne5 30. Nxe5 Rxf1+ 31. Rxf1 Qxc5+ 32. Kh1 Qxe5 33. Qxd3 Re8 34.
Qd7 Qe7 35. Qd5+ Kg7 36. Qd4+ Qe5 37. Qxa7 Qxb5 38. Qf2 Qd5 39. Qf6+ Kg8 40. a4
Qd7 41. a5 Qd5 42. a6 bxa6 1/2-1/2

[Event "4th G. Agzamov Mem"]
[Site "Tashkent UZB"]
[Date "2010.03.29"]
[Round "7"]
[White "Yurtaev, L."]
[Black "Mchedlishvili, M."]
[Result "1/2-1/2"]
[WhiteElo "2469"]
[BlackElo "2634"]
[PlyCount "122"]
[EventDate "2010.03.23"]
[EventType "swiss"]
[EventRounds "9"]
[EventCountry "UZB"]
[Source "Mark Crowther"]
[SourceDate "2010.04.05"]

1. e4 c5 2. Nf3 d6 3. d4 cxd4 4. Nxd4 Nf6 5. Nc3 Nc6 6. Bc4 Bd7 7. O-O g6 8.
Nxc6 Bxc6 9. Qe2 Bg7 10. Rd1 Nd7 11. Nd5 e6 12. Nb4 Qc7 13. Bf4 Ne5 14. Nxc6
bxc6 15. Rd2 O-O 16. Rad1 Rad8 17. Bb3 h6 18. Bg3 g5 19. f4 gxf4 20. Bxf4 Qe7
21. Qh5 Kh7 22. Rf1 f5 23. Bxe5 Bxe5 24. exf5 exf5 25. c3 Qg5 26. Qxg5 hxg5 27.
Bc2 Kg7 28. Rxf5 Rxf5 29. Bxf5 d5 30. g3 Kf6 31. Rf2 Ke7 32. Kg2 Bf6 33. Re2+
Kf7 34. Kf3 Rd6 35. Kg4 Kg7 36. Re8 d4 37. cxd4 Rxd4+ 38. Kh5 Rd2 39. h3 Rxb2
40. Rc8 Be7 41. Rxc6 Rg2 42. Rg6+ Kf8 43. Be6 Bd8 44. g4 Rh2 45. Rg8+ Ke7 46.
Kxg5 Rxh3 47. Kg6 Bb6 48. Bf7 Be3 49. Re8+ Kd7 50. Re4 Rg3 51. Be6+ Kd6 52. Kf6
Bb6 53. Bf5 Ra3 54. Re6+ Kc5 55. Re2 Bd8+ 56. Ke6 Bg5 57. Re5+ Kd4 58. Rd5+ Ke3
59. Bb1 Kf4 60. Rd4+ Kg3 61. Kf5 Kh4 1/2-1/2

[Event "4th G. Agzamov Mem"]
[Site "Tashkent UZB"]
[Date "2010.03.29"]
[Round "7"]
[White "Holmirzaev, B."]
[Black "Akkozov, B."]
[Result "1-0"]
[WhiteElo "2344"]
[BlackElo "2269"]
[PlyCount "115"]
[EventDate "2010.03.23"]
[EventType "swiss"]
[EventRounds "9"]
[EventCountry "UZB"]
[Source "Mark Crowther"]
[SourceDate "2010.04.05"]

1. e4 c5 2. b3 Nc6 3. Bb2 e6 4. Nf3 a6 5. d4 cxd4 6. Nxd4 Nf6 7. Nxc6 bxc6 8.
Bd3 Bb4+ 9. c3 Be7 10. Nd2 d5 11. Qe2 c5 12. O-O O-O 13. c4 Bb7 14. e5 Ne8 15.
f4 d4 16. Ne4 Qd7 17. Rae1 Qc6 18. Rf3 Bh4 19. Ref1 f5 20. exf6 Bxf6 21. Rh3 g6
22. Ba3 Be7 23. Nd2 Ng7 24. Bc1 Rae8 25. Nf3 Bf6 26. Ne5 Bxe5 27. fxe5 Rxf1+
28. Kxf1 Nf5 29. Bg5 a5 30. a4 Rf8 31. Kg1 Rf7 32. Bd2 Qb6 33. Qe1 Qc6 34. Qe2
Ba8 35. Bc2 Qc7 36. Bd3 Ne7 37. Bg5 Nc6 38. Bf6 Ne7 39. Qg4 Rxf6 40. exf6 Nf5
41. Bxf5 exf5 42. Qh4 Be4 43. f7+ Qxf7 44. Qd8+ Kg7 45. Qxa5 Qe7 46. Qd2 h5 47.
b4 Qa7 48. Ra3 cxb4 49. Qxb4 d3+ 50. c5 Qe7 51. Qc3+ Kh7 52. Ra2 Bd5 53. Rf2
Qe3 54. c6 f4 55. c7 Bb7 56. c8=Q Bxc8 57. Qc7+ Kh6 58. Qxf4+ 1-0

[Event "4th G. Agzamov Mem"]
[Site "Tashkent UZB"]
[Date "2010.03.29"]
[Round "7"]
[White "Golcman, E."]
[Black "Saduakassova, D."]
[Result "0-1"]
[WhiteElo "2292"]
[BlackElo "2094"]
[PlyCount "160"]
[EventDate "2010.03.23"]
[EventType "swiss"]
[EventRounds "9"]
[EventCountry "UZB"]
[Source "Mark Crowther"]
[SourceDate "2010.04.05"]

1. c4 e6 2. Nf3 Nf6 3. g3 d5 4. Bg2 dxc4 5. Qa4+ Nbd7 6. Qxc4 a6 7. d4 b5 8.
Qc2 Bb7 9. O-O Rc8 10. a4 c5 11. axb5 axb5 12. dxc5 Bxc5 13. Qb3 Bc6 14. Be3
Bd5 15. Qd3 Bc4 16. Qd2 Qb6 17. Bxc5 Nxc5 18. Qe3 Nd5 19. Qd4 O-O 20. Re1 Nb3
21. Qxb6 Nxb6 22. Ra3 Rfd8 23. e3 Na4 24. Nc3 Nxc3 25. bxc3 Rd3 26. Ne5 Rxc3
27. Ra7 f6 28. Nc6 Kf8 29. Rd1 Rc1 30. Rxc1 Nxc1 31. Rb7 Ne2+ 32. Kh1 Nc3 33.
h4 Nd5 34. Nd4 Nc3 35. Kh2 Rc5 36. g4 h5 37. gxh5 Rxh5 38. Kg3 Rc5 39. Bh3 f5
40. Bg2 Ne2+ 41. Nxe2 Bxe2 42. Bf3 Bd3 43. Kf4 Kg8 44. e4 Rc4 45. Rxb5 Bxe4 46.
Bxe4 Rxe4+ 47. Kg3 Rg4+ 48. Kh3 Kf7 49. f3 Rg1 50. Kh2 Rg6 51. Kh3 f4 52. Rb3
Kf6 53. h5 Rg1 54. Kh4 Kf5 55. Kh3 Rh1+ 56. Kg2 Rxh5 57. Rb8 Rh6 58. Rg8 g5 59.
Rg7 Rf6 60. Kf2 Rf8 61. Kg2 Kf6 62. Rb7 Rc8 63. Rb2 Rc5 64. Kh3 Kf5 65. Rb8 Rc1
66. Kg2 Rc2+ 67. Kh3 Rc3 68. Kg2 Rc7 69. Rf8+ Kg6 70. Kh3 Rh7+ 71. Kg2 e5 72.
Re8 Kf6 73. Rf8+ Rf7 74. Re8 Re7 75. Rb8 e4 76. fxe4 Rxe4 77. Kf3 Re3+ 78. Kg4
Rg3+ 79. Kh5 Kf5 80. Rb5+ Ke4 0-1

[Event "4th G. Agzamov Mem"]
[Site "Tashkent UZB"]
[Date "2010.03.29"]
[Round "7"]
[White "Pak, Y."]
[Black "Tiviakov, S."]
[Result "1/2-1/2"]
[WhiteElo "2333"]
[BlackElo "2653"]
[PlyCount "119"]
[EventDate "2010.03.23"]
[EventType "swiss"]
[EventRounds "9"]
[EventCountry "UZB"]
[Source "Mark Crowther"]
[SourceDate "2010.04.05"]

1. d4 Nf6 2. c4 e6 3. g3 d5 4. Bg2 Bb4+ 5. Bd2 Be7 6. Nf3 c6 7. O-O dxc4 8. a4
O-O 9. Qc2 b6 10. Na3 Bb7 11. Nxc4 Na6 12. Rfd1 c5 13. Bf4 Be4 14. Qc1 Nd5 15.
Qd2 Rc8 16. Rac1 Nab4 17. dxc5 Rxc5 18. b3 h6 19. h4 a6 20. Be5 b5 21. axb5
axb5 22. Bd4 Rc8 23. Nce5 Bc2 24. Re1 Nf6 25. Nh2 Ne4 26. Bxe4 Bxe4 27. Rxc8
Qxc8 28. Nhg4 f6 29. Nxh6+ gxh6 30. Qxh6 fxe5 31. Bxe5 Kf7 32. Rc1 Qd7 33. f3
Nc6 34. fxe4 Nxe5 35. Qh5+ Kg8 36. Qxe5 Bf6 37. Qh5 Qd4+ 38. Kg2 Qxe4+ 39. Kh3
b4 40. Rc4 Qh1+ 41. Kg4 Qb1 42. Rxb4 Be7 43. Rf4 Rxf4+ 44. gxf4 Qg1+ 45. Kf3
Qh1+ 46. Kg3 Qe1+ 47. Kg2 Bxh4 48. Qe8+ Kg7 49. Qxe6 Qf2+ 50. Kh1 Qf1+ 51. Kh2
Qxf4+ 52. Kh1 Qf1+ 53. Kh2 Bg5 54. Qd7+ Kg8 55. Qc8+ Kf7 56. Qb7+ Kg6 57. Qb6+
Kg7 58. Qc7+ Kf6 59. Qd8+ Kg6 60. Qe8+ 1/2-1/2

[Event "4th G. Agzamov Mem"]
[Site "Tashkent UZB"]
[Date "2010.03.29"]
[Round "7"]
[White "Guseinov, G."]
[Black "Golod, V."]
[Result "1/2-1/2"]
[WhiteElo "2609"]
[BlackElo "2590"]
[PlyCount "83"]
[EventDate "2010.03.23"]
[EventType "swiss"]
[EventRounds "9"]
[EventCountry "UZB"]
[Source "Mark Crowther"]
[SourceDate "2010.04.05"]

1. e4 e5 2. Nf3 Nc6 3. Bb5 Bc5 4. O-O Nd4 5. Nxd4 Bxd4 6. c3 Bb6 7. d4 c6 8.
Ba4 d6 9. Na3 exd4 10. cxd4 Ne7 11. Nc4 O-O 12. Nxb6 axb6 13. d5 cxd5 14. exd5
Nxd5 15. Bb3 Ne7 16. Bg5 Be6 17. Bxe6 fxe6 18. Qb3 Qd7 19. Bxe7 Qxe7 20. Qxb6
Ra6 21. Qb4 Rc8 22. a4 Qc7 23. Rfe1 d5 24. a5 d4 25. Qxd4 Rxa5 26. Rad1 Rd5 27.
Qg4 Qd7 28. h3 Rxd1 29. Rxd1 Qc6 30. Re1 Re8 31. b4 Qd5 32. Rd1 Qc6 33. Re1 Qd5
34. Re4 Qc6 35. Re5 Qc1+ 36. Kh2 Qc7 37. Qg3 Re7 38. b5 Qd6 39. f4 Rf7 40. Qe3
h6 41. h4 Rf5 42. Rxe6 1/2-1/2

[Event "4th G. Agzamov Mem"]
[Site "Tashkent UZB"]
[Date "2010.03.29"]
[Round "7"]
[White "Jumabayev, R."]
[Black "Kvon, A."]
[Result "1-0"]
[WhiteElo "2542"]
[BlackElo "2455"]
[PlyCount "75"]
[EventDate "2010.03.23"]
[EventType "swiss"]
[EventRounds "9"]
[EventCountry "UZB"]
[Source "Mark Crowther"]
[SourceDate "2010.04.05"]

1. d4 Nf6 2. c4 c5 3. d5 e6 4. Nc3 exd5 5. cxd5 d6 6. e4 g6 7. h3 Bg7 8. Nf3
O-O 9. Bd3 Na6 10. O-O Nc7 11. Re1 Rb8 12. a4 a6 13. a5 Bd7 14. Bf4 Bb5 15.
Bxb5 Nxb5 16. Qd3 Re8 17. Nd2 Nh5 18. Bh2 Bd4 19. Nf3 c4 20. Qxc4 Rc8 21. Qa4
Bxc3 22. bxc3 Nxc3 23. Qb4 Rc5 24. Qxb7 Nxe4 25. Qxa6 Rxd5 26. Qc6 Rc5 27. Qa4
Nhf6 28. a6 Qa8 29. Bf4 Rec8 30. Nd2 d5 31. Qd4 R5c6 32. a7 Nc5 33. Reb1 Nfd7
34. Qxd5 Nb6 35. Qf3 Nca4 36. Be3 Qxa7 37. Bxb6 Rxb6 38. Rxb6 1-0